000
00261nam a2200097Ia 4500
001
1175838
005
20250827012658.0
008
250824s9999 xx 000 0 und d
245
0
_a
SIR SAHİBİNE VERİLİR F1 31
_c
HÜLYA GÖZAAÇAN
260
_b
DESTEK YAYINLARI
999
_c
1175838
_d
1175838